00509caa a22001692a 4500001000900000003001100009008004300020092001700063100001900080245001800099300001600117500007400133546001300207942000900220999001700229773009300246 015029 AR-FADEU 311216n########xxu####################dd a813.01bG786 aCrane, Stephen aThe open boat aPP. 257-286 aEn: GREAT american short stories / ed. Wallace. New York : DELL, 1978 aInglés cBDGR c20788d207880 020763920552abdNew Yorko0174tGREAT american short storiesw( AR-FADEU) 015004xz